[Event "BCF-chT 2324 (4NCL)"]
[Site "England"]
[Date "2023.11.12"]
[Round "2.6"]
[White "Badacsonyi, Frankie"]
[Black "Chan, Sheng Liang Bernard"]
[Result "0-1"]
[WhiteElo "2061"]
[BlackElo "2067"]
[PlyCount "88"]
[EventDate "2023.11.11"]
[EventType "team-tourn"]
[EventRounds "11"]
[EventCountry "ENG"]
[SourceTitle "CB46_2023"]
[SourceDate "2023.11.15"]
[SourceVersion "1"]
[SourceVersionDate "2023.11.15"]
[SourceQuality "1"]
[WhiteTeam "Barnet Knights"]
[BlackTeam "Chessable White Rose II"]
[WhiteTeamCountry "ENG"]
[BlackTeamCountry "ENG"]

1. d4 Nf6 2. c4 e6 3. Nc3 Bb4 4. e3 0-0 5. Bd2 d5 6. Nf3 b6 7. cxd5 exd5 8. Rc1 Be7 9. Bd3 c5 10. dxc5 bxc5 11. 0-0 Bb7 12. Bb1 Nbd7 13. b3 Re8 14. Na4 Ne4 15. Qc2 g6 16. Rfd1 Nxd2 17. Nxd2 Bf8 18. Qd3 Qa5 19. Qc3 Qc7 20. b4 Qc6 21. Qc2 c4 22. a3 a5 23. Nb2 axb4 24. axb4 Bxb4 25. Nf3 Ba3 26. Qc3 Qb6 27. Rc2 Bb4 28. Qd4 Qxd4 29. Nxd4 Ra1 30. Nxc4 dxc4 31. Rxc4 Bf8 32. Nc2 Ne5 33. Rc7 Ra7 34. f4 Nc6 35. Rdd7 Re7 36. Rxe7 Bxe7 37. Nd4 Nxd4 38. Rxe7 Nc6 39. Re8+ Kg7 40. Be4 Ra8 41. Rxa8 Bxa8 42. Kf2 Bb7 43. Bd3 Nb4 44. Bb1 f5 0-1

[Event "Frome op 32nd"]
[Site "Frome"]
[Date "2023.05.12"]
[Round "1"]
[White "May, Adam John"]
[Black "Chan, Sheng Liang Bernard"]
[Result "0-1"]
[WhiteElo "1908"]
[BlackElo "2041"]
[PlyCount "120"]
[EventDate "2023.05.12"]
[EventType "swiss"]
[EventRounds "5"]
[EventCountry "ENG"]
[SourceTitle "EXT 2024"]
[Source "ChessBase"]
[SourceDate "2023.10.10"]
[SourceVersion "1"]
[SourceVersionDate "2023.10.10"]
[SourceQuality "1"]

1. d4 Nf6 2. Nf3 e6 3. g3 d5 4. Bg2 Be7 5. 0-0 0-0 6. c4 dxc4 7. Qc2 a6 8. a4 Bd7 9. Bg5 Bc6 10. Qxc4 Bd5 11. Qc1 Nc6 12. e3 Na5 13. Nbd2 Ne4 14. Bxe7 Qxe7 15. Qc2 Nxd2 16. Nxd2 Bxg2 17. Kxg2 Rac8 18. Qc3 Nc6 19. Rfc1 Nb4 20. Ne4 a5 21. Qb3 Rfd8 22. Nc5 b6 23. Nd3 Nxd3 24. Qxd3 c5 25. Qa6 Qd6 26. Rc2 Ra8 27. Qe2 cxd4 28. exd4 Qxd4 29. Rc4 Qd5+ 30. Kg1 Rac8 31. Rac1 Rxc4 32. Qxc4 Qxc4 33. Rxc4 Kf8 34. Rc6 Rb8 35. b3 g5 36. h3 Ke7 37. Rc7+ Kf6 38. Kg2 h5 39. Rc6 Rb7 40. Kf3 Ke5 41. Ke3 g4 42. h4 Rb8 43. Rc7 Kf6 44. Rc6 Kf5 45. Rc7 f6 46. Rc6 e5 47. Rd6 b5 48. Ra6 bxa4 49. bxa4 Rb3+ 50. Ke2 Ra3 51. Rxa5 Ke4 52. Ra6 Ra2+ 53. Ke1 f5 54. Ra5 f4 55. gxf4 exf4 56. Rxh5 Kf3 57. Rg5 Re2+ 58. Kd1 Rxf2 59. h5 g3 60. a5 g2 0-1

[Event "Daventry 4NCL Easter op-A 3rd"]
[Site "Daventry"]
[Date "2023.04.08"]
[Round "3"]
[White "Ireland, David J"]
[Black "Chan, Sheng Liang Bernard"]
[Result "0-1"]
[WhiteElo "1932"]
[BlackElo "2043"]
[PlyCount "84"]
[EventDate "2023.04.07"]
[EventType "swiss"]
[EventRounds "7"]
[EventCountry "ENG"]
[SourceTitle "CBM 213 Extra"]
[Source "ChessBase"]
[SourceDate "2023.05.31"]
[SourceVersion "1"]
[SourceVersionDate "2023.05.31"]
[SourceQuality "1"]

1. e4 c5 2. Nc3 g6 3. f4 Bg7 4. Nf3 Nc6 5. Bb5 Nd4 6. 0-0 Nxb5 7. Nxb5 d5 8. e5 d4 9. a4 Nh6 10. c3 a6 11. Na3 Nf5 12. d3 0-0 13. Nc2 h5 14. c4 a5 15. Na3 Bd7 16. Nb5 Bc6 17. Qe2 f6 18. Bd2 Qd7 19. Rae1 Rfe8 20. Qf2 b6 21. Nh4 Nxh4 22. Qxh4 Bxb5 23. axb5 Qg4 24. Qxg4 hxg4 25. exf6 exf6 26. f5 Kf7 27. Bf4 gxf5 28. Bc7 Re3 29. Bxb6 Rxd3 30. Rxf5 Rb3 31. Bxc5 d3 32. Bd4 Rc8 33. Ref1 Rxc4 34. Bxf6 Bxf6 35. Rxf6+ Ke7 36. Rc6 Rxc6 37. bxc6 Kd6 38. Rd1 Kxc6 39. Rd2 Kd5 40. Kf2 Ke4 41. Ke1 a4 42. Kd1 a3 0-1

[Event "Coventry op"]
[Site "Coventry"]
[Date "2023.02.19"]
[Round "5"]
[White "Chan, Sheng Liang Bernard"]
[Black "Turner, Lewis A"]
[Result "1-0"]
[WhiteElo "2017"]
[BlackElo "1833"]
[PlyCount "125"]
[EventDate "2023.02.18"]
[EventType "swiss"]
[EventRounds "5"]
[EventCountry "ENG"]
[SourceTitle "CBM 212 Extra"]
[Source "ChessBase"]
[SourceDate "2023.03.31"]
[SourceVersion "1"]
[SourceVersionDate "2023.03.31"]
[SourceQuality "1"]

1. d4 Nf6 2. c4 g6 3. Nf3 Bg7 4. g3 0-0 5. Bg2 d6 6. 0-0 c5 7. Nc3 Nc6 8. b3 cxd4 9. Nxd4 Nxd4 10. Qxd4 Ne4 11. Qxe4 Bxc3 12. Bh6 Bxa1 13. Bxf8 Bf6 14. Bh6 Qa5 15. a4 Qb4 16. Qd3 Bf5 17. e4 Bg4 18. Bd2 Qc5 19. Be3 Qb4 20. f4 Be6 21. h4 Qc3 22. Rd1 Bg4 23. Qxc3 Bxc3 24. Rd3 Bb4 25. Kf2 b6 26. e5 Rc8 27. exd6 Bxd6 28. Be4 Kf8 29. Rd5 Be6 30. Rd3 Bg4 31. Bd4 Rd8 32. Ke3 f6 33. a5 Rb8 34. axb6 axb6 35. Bxf6 Bc5+ 36. Bd4 Rc8 37. Bxc5 bxc5 38. Kd2 Rc7 39. Rd5 e6 40. Rd6 Ra7 41. Rc6 Ra2+ 42. Kc3 Ra5 43. Rc8+ Kg7 44. Ra8 Rxa8 45. Bxa8 Kf6 46. Be4 e5 47. b4 cxb4+ 48. Kxb4 exf4 49. gxf4 h6 50. Kc5 g5 51. hxg5+ hxg5 52. fxg5+ Kxg5 53. Kd6 Kf4 54. Bd5 Ke3 55. c5 Kd4 56. c6 Bc8 57. c7 Ba6 58. Bg2 Bc8 59. Bc6 Ba6 60. Bd5 Bc8 61. Be6 Ba6 62. Kc6 Ke5 63. Kb6 1-0

[Event "Harrogate 4NCL op-A 29th"]
[Site "Harrogate"]
[Date "2023.01.20"]
[Round "1"]
[White "Gillespie, Gary"]
[Black "Chan, Sheng Liang Bernard"]
[Result "0-1"]
[WhiteElo "1829"]
[BlackElo "1986"]
[PlyCount "66"]
[EventDate "2023.01.20"]
[EventType "swiss"]
[EventRounds "5"]
[EventCountry "ENG"]
[SourceTitle "CBM 212 Extra"]
[Source "ChessBase"]
[SourceDate "2023.03.31"]
[SourceVersion "1"]
[SourceVersionDate "2023.03.31"]
[SourceQuality "1"]

1. d4 Nf6 2. Nf3 d5 3. c4 e6 4. cxd5 exd5 5. Nc3 Be7 6. Bg5 0-0 7. e3 Nbd7 8. h3 Re8 9. Bd3 c6 10. 0-0 Ne4 11. Bxe7 Qxe7 12. Qc2 f5 13. Rab1 Kh8 14. Na4 g5 15. Nc5 Ndf6 16. Nd2 Rg8 17. Rfe1 b6 18. Ncxe4 fxe4 19. Be2 g4 20. g3 gxh3 21. Rbc1 Bd7 22. Kh2 Raf8 23. Rf1 h5 24. Qa4 h4 25. Qxa7 hxg3+ 26. fxg3 Qd6 27. Rg1 Ng4+ 28. Bxg4 Rf2+ 29. Kh1 Bxg4 30. Rc2 Qf6 31. Qa4 Bf3+ 32. Nxf3 Qxf3+ 33. Rg2 Qxg2# 0-1

[Event "Leamington Spa 4NCL op-A 28th"]
[Site "Leamington Spa"]
[Date "2022.07.09"]
[Round "3"]
[White "Chan, Sheng Liang Bernard"]
[Black "Vijayakumar, Rishi"]
[Result "1-0"]
[WhiteElo "1869"]
[BlackElo "1809"]
[PlyCount "81"]
[EventDate "2022.07.08"]
[EventType "swiss"]
[EventRounds "5"]
[EventCountry "ENG"]
[SourceTitle "CBM 209 Extra"]
[Source "ChessBase"]
[SourceDate "2022.09.30"]
[SourceVersion "1"]
[SourceVersionDate "2022.09.30"]
[SourceQuality "1"]

1. d4 Nf6 2. c4 e6 3. Nf3 b6 4. g3 Bb7 5. Bg2 c5 6. d5 exd5 7. Nh4 g6 8. Nc3 Na6 9. Bf4 d6 10. Nxd5 Nxd5 11. Bxd5 Bxd5 12. Qxd5 Nb4 13. Qe4+ Be7 14. Bxd6 f5 15. Qxe7+ Qxe7 16. Bxe7 Kxe7 17. Kd2 Kf6 18. e3 Rad8+ 19. Ke2 Rd7 20. Rhd1 Rhd8 21. Rxd7 Rxd7 22. a3 Nd3 23. Rd1 Ne5 24. f4 Rxd1 25. fxe5+ Kxe5 26. Kxd1 a6 27. Ke2 b5 28. b3 b4 29. a4 a5 30. Kd3 Kf6 31. e4 Kg5 32. e5 h6 33. Nf3+ Kh5 34. e6 f4 35. e7 g5 36. gxf4 gxf4 37. h3 Kg6 38. e8Q+ Kh7 39. Qf7+ Kh8 40. Ne5 h5 41. Ng6# 1-0